| 000 | 00558nam a22001577a 4500 | ||
|---|---|---|---|
| 003 | NUST | ||
| 082 | _a629.8 | ||
| 100 |
_aSarwar ,Ayesha _996682 |
||
| 245 |
_aEnhanced Accuracy for Motor Imagery Detection Using Deep Learning for BCI / _cAyesha Sarwar |
||
| 264 |
_aIslamabad: _bSMME- NUST. _c2020. |
||
| 300 |
_a49P. ; _bSoft Copy, _c30cm. |
||
| 650 |
_aMS Robotics and Intelligent Machine Engineering _9119486 |
||
| 700 |
_aSupervisor : Dr. Kashif Javed _9119487 |
||
| 856 | _u http://10.250.8.41:8080/xmlui/handle/123456789/23532 | ||
| 942 |
_2ddc _cTHE |
||
| 999 |
_c608785 _d608785 |
||